000 00410cam a22001337a 4500
008 180718b1986 xxu||||| |||| 00| 0 eng d
082 _aZ7x54 M294
100 _aMalgavkar, P.D.
245 _aImpdiments to rural technology
_cby P.D. Malgavkar and V.A. Pai Panandiker
260 _aDelhi
_bOxford & IBH
_c1986
300 _a155p.
650 _aAgriculture and technology - India
700 _aPanandiker, V.A. Pai
999 _c348659
_d348659